Estadísticas para Prueba sobre países de América

Haz click aquí para intentar la prueba.

Estadísticas generales

  • Esta prueba ha sido intentada 359 veces
  • La puntuación promedio es 49 de 90

Estadísticas de respuestas

PreguntaAzulejoSelect% Correcto
Países por los que pasa el Mar CaribeEcuadorNo
94%
Países por los que pasa el Mar CaribeCuba
89%
Países por los que pasa el Mar CaribeSan Vicente y las Granadinas
84%
Países que se independizaron de EspañaCanadáNo
81%
Países con salida a mas de un océano (en su territorio americano)BoliviaNo
79%
Países que se independizaron de EspañaPerú
79%
Países que se independizaron de EspañaBrasilNo
78%
Países que se independizaron de EspañaChile
78%
Países que se independizaron de EspañaBolivia
77%
Países que se independizaron de EspañaBarbadosNo
75%
Países con salida a mas de un océano (en su territorio americano)Estados Unidos
75%
Países que se independizaron de EspañaParaguay
74%
Países con celeste en su banderaCanadáNo
73%
Países por los que pasa la Cordillera de los AndesRepública DominicanaNo
73%
Países por los que pasa la Cordillera de los AndesEl SalvadorNo
72%
Países con salida a mas de un océano (en su territorio americano)VenezuelaNo
72%
Países con salida a mas de un océano (en su territorio americano)BeliceNo
70%
Países con celeste en su banderaBrasilNo
70%
Países por los que pasa la Cordillera de los AndesChile
70%
Países con salida a mas de un océano (en su territorio americano)HaitíNo
69%
Países que sus capitales empiezan por SVenezuelaNo
69%
Países por los que pasa el Mar CaribeEl SalvadorNo
67%
Países que sus capitales empiezan por SDominicaNo
66%
Países por los que pasa la Cordillera de los AndesUruguayNo
66%
Países que sus capitales empiezan por SChile
65%
Países por los que pasa la Cordillera de los AndesBrasilNo
64%
Países con salida a mas de un océano (en su territorio americano)Costa Rica
64%
Países con celeste en su banderaGranadaNo
64%
Países por los que pasa la Cordillera de los AndesArgentina
62%
Países con celeste en su banderaDominicaNo
62%
Países con celeste en su banderaNicaragua
62%
Países por los que pasa la Cordillera de los AndesParaguayNo
62%
Países con un cuerpo celeste (estrella, sol, planeta, luna) en su banderaBoliviaNo
61%
Países con salida al Océano PacíficoBrasilNo
61%
Países por los que pasa la Cordillera de los AndesPerú
61%
Países con salida al Océano PacíficoSanta LucíaNo
61%
Países con celeste en su banderaTrinidad y TobagoNo
61%
Países con salida al Océano PacíficoDominicaNo
60%
Países con un cuerpo celeste (estrella, sol, planeta, luna) en su banderaJamaicaNo
60%
Países que sus capitales empiezan por SSan Vicente y las GranadinasNo
59%
Países con salida al Océano PacíficoBeliceNo
58%
Países con salida al Océano PacíficoEcuador
57%
Países con salida al Océano PacíficoPerú
57%
Países con un cuerpo celeste (estrella, sol, planeta, luna) en su banderaHaitíNo
56%
Países con un cuerpo celeste (estrella, sol, planeta, luna) en su banderaBrasil
55%
Países por los que pasa el Mar CaribeSurinamNo
55%
Países con salida al Océano PacíficoCanadá
54%
Países insularesNicaraguaNo
54%
Países insularesHondurasNo
53%
Países insularesPanamáNo
53%
Países con salida a mas de un océano (en su territorio americano)ArgentinaNo
52%
Países con celeste en su banderaSanta Lucía
52%
Países insularesCosta RicaNo
51%
Países que sus capitales empiezan por SEl Salvador
50%
Países con un cuerpo celeste (estrella, sol, planeta, luna) en su banderaGuatemalaNo
50%
Países por los que pasa el Mar CaribeGuyanaNo
50%
Países insularesJamaica
50%
Países en más de un continenteBrasilNo
49%
Países por los que pasa el Mar CaribeColombia
49%
Países insularesCuba
49%
Países con salida a mas de un océano (en su territorio americano)Guatemala
49%
Países insularesHaití
49%
Países en más de un continenteJamaicaNo
49%
Países insularesBeliceNo
48%
Países insularesSanta Lucía
48%
Países con salida a mas de un océano (en su territorio americano)Colombia
47%
Países con un cuerpo celeste (estrella, sol, planeta, luna) en su banderaCuba
47%
Países con celeste en su banderaSan Cristóbal y NievesNo
47%
Países con celeste en su banderaBahamas
46%
Países en más de un continenteGranadaNo
46%
Países en más de un continenteCanadáNo
44%
Países con salida al Océano PacíficoArgentinaNo
43%
Países en más de un continenteSan Cristóbal y NievesNo
43%
Países que sus capitales empiezan por SCosta Rica
42%
Países en más de un continenteAntigua y BarbudaNo
41%
Países que sus capitales empiezan por SRepública Dominicana
40%
Países en más de un continenteMéxicoNo
38%
Países por los que pasa el Mar CaribeEstados Unidos
37%
Países con salida al Océano PacíficoHonduras
37%
Países con un cuerpo celeste (estrella, sol, planeta, luna) en su banderaSurinam
33%
Países en más de un continenteEstados Unidos
32%
Países con un cuerpo celeste (estrella, sol, planeta, luna) en su banderaSan Cristóbal y Nieves
30%
Países por los que pasa la Cordillera de los AndesVenezuela
28%
Países con un cuerpo celeste (estrella, sol, planeta, luna) en su banderaParaguay
24%
Países que se independizaron de EspañaPanamáNo
22%
Países en más de un continenteChile
17%
Países que sus capitales empiezan por SAntigua y Barbuda
16%
Países que se independizaron de EspañaUruguayNo
16%
Países por los que pasa el Mar CaribeBahamasNo
14%
Países que sus capitales empiezan por SGranada
10%

Distribución de puntuación

Porcentaje por número respondido

Porcentaje de gente con cada puntuación

Historial de tus puntuaciones

No has intentado esta prueba.